000 00853cam a22002653a 4500
001 26522
003 PGUSA
005 20140828083555.0
008 080904s2008||||xxu|||||s|||||000 | eng d
040 _aPGUSA
_beng
042 _adc
050 4 _aHV
100 1 _aPierson, Arthur T.
_q(Arthur Tappan),
_d1837-1911
245 1 0 _aGeorge Müller of Bristol :
_bAnd His Witness to a Prayer-Hearing God
_h[electronic resource] /
_cArthur T. Pierson
260 _bProject Gutenberg,
_c2008
506 _aPublic domain in the USA.
516 _aElectronic text
653 _aPrayer
653 _aMüller, George, 1805-1898
653 _aOrphanages -- Great Britain
740 0 _aGeorge Muller of Bristol And His Witness to a Prayer-Hearing God
830 0 _aProject Gutenberg
_v26522
856 4 0 _uhttp://www.gutenberg.org/ebooks/26522
942 _cEB
999 _c255777
_d255777